| 000 | 01150nam a2200289 i 4500 | ||
|---|---|---|---|
| 001 | 186870 | ||
| 003 | SpMaBN | ||
| 005 | 20250802231947.0 | ||
| 008 | 170223s2005 sp b |||| | spa d | ||
| 040 | _cSpMaBN | ||
| 080 | _a77.034:355.01(093) | ||
| 080 | _a016:77 | ||
| 245 | 0 | 0 |
_aSelección de fuentes documentales para el estudio de la fotografía militar en España / _c[presentación, Elena Martínez Oyarzábal ; elaboración y diseño, Unidad de Estudios, Subdirección General de Documentación y Publicaciones]. |
| 260 |
_a[Madrid] : _bMinisterio de Defensa, Secretaría General Técnica, _c2005. |
||
| 300 |
_a41 páginas ; _c21 x 17 cm. |
||
| 490 | 1 | _aPublicaciones de Defensa | |
| 500 | _aÍndices. | ||
| 650 | 7 |
_aFotografía militar- _vBibliografías. _9161864 |
|
| 650 | 0 |
_aFotografía- _vBibliografías _9235520 |
|
| 700 | 1 |
_aMartínez Oyarzábal, Elena. _9144234 _eaui |
|
| 710 | 1 |
_aEspaña. _bMinisterio de Defensa _eedt _93853 |
|
| 830 | 0 |
_aPublicaciones de Defensa _9192643 |
|
| 852 |
_aES-MaACL _cDEPOF _j2335-F-15 |
||
| 942 |
_cFOLLETOS _n0 |
||
| 999 |
_c186870 _d186870 |
||